| 000 -LEADER |
| fixed length control field |
00608nam a22001697a 4500 |
| 008 - FIXED-LENGTH DATA ELEMENTS--GENERAL INFORMATION |
| fixed length control field |
120322t xxu||||| |||| 00| 0 eng d |
| 020 ## - INTERNATIONAL STANDARD BOOK NUMBER |
| International Standard Book Number |
0673633799 |
| 050 ## - LIBRARY OF CONGRESS CALL NUMBER |
| Classification number |
PC 4445 |
| Item number |
.R69 |
| 100 ## - MAIN ENTRY--PERSONAL NAME |
| Personal name |
Rowan, Karen |
| 9 (RLIN) |
2257 |
| 110 ## - MAIN ENTRY--CORPORATE NAME |
| Corporate name or jurisdiction name as entry element |
Prentice-Hall, Inc. |
| 9 (RLIN) |
2258 |
| 245 ## - TITLE STATEMENT |
| Title |
TPR stories for paso a paso: |
| Remainder of title |
paso a paso 1. |
| Statement of responsibility, etc |
Complete support for 14 thematic units. |
| 260 ## - PUBLICATION, DISTRIBUTION, ETC. (IMPRINT) |
| Place of publication, distribution, etc |
Upper Saddle River, NJ |
| Name of publisher, distributor, etc |
Prentice Hall, |
| Date of publication, distribution, etc |
2000. |
| 300 ## - PHYSICAL DESCRIPTION |
| Extent |
xvii; 162 p. |
| Dimensions |
28 cm. |
| 650 ## - SUBJECT ADDED ENTRY--TOPICAL TERM |
| Topical term or geographic name as entry element |
Spanish language |
| General subdivision |
Textbooks for foreign speakers |
| -- |
English. |
| 9 (RLIN) |
2259 |
| 650 ## - SUBJECT ADDED ENTRY--TOPICAL TERM |
| Topical term or geographic name as entry element |
Spanish language |
| General subdivision |
Study and teaching. |
| 9 (RLIN) |
2260 |
| 942 ## - ADDED ENTRY ELEMENTS (KOHA) |
| Source of classification or shelving scheme |
|
| Item type |
Books |